La reforma administrativa de 1968 : (Registro nro. 175273)
[ vista simple ]
| 000 -CABECERA | |
|---|---|
| campo de control de longitud fija | 01249nam a22003137a 4500 |
| 005 - FECHA Y HORA DE LA ÚLTIMA TRANSACCIÓN | |
| campo de control | 20260313131057.0 |
| 008 - DATOS DE LONGITUD FIJA--INFORMACIÓN GENERAL | |
| campo de control de longitud fija | 260311s2005 ck ||||g |||| 00| | spa d |
| 040 ## - FUENTE DE LA CATALOGACIÓN | |
| Centro catalogador/agencia de origen | CO-BoESAP |
| Lengua de catalogación | spa |
| Centro/agencia transcriptor | CO-BoESAP |
| 100 1# - ENTRADA PRINCIPAL--NOMBRE DE PERSONA | |
| Nombre de persona | Vidal Perdomo, Jaime, |
| Fechas asociadas al nombre | 1931-2018 |
| 9 (RLIN) | 7404 |
| Término indicativo de función/relación | autor |
| 245 13 - MENCIÓN DE TÍTULO | |
| Título | La reforma administrativa de 1968 : |
| Resto del título | antecedentes, teoría de la organización y funcionamiento, sus principales consecuencias / |
| Mención de responsabilidad, etc. | Jaime Vidal Perdomo. |
| 300 ## - DESCRIPCIÓN FÍSICA | |
| Extensión | páginas 47-67 |
| 504 ## - NOTA DE BIBLIOGRAFÍA, ETC. | |
| Nota de bibliografía, etc. | Bibliografía: páginas 66-67. |
| 526 ## - NOTA DE INFORMACIÓN SOBRE EL PROGRAMA DE ESTUDIO | |
| Nombre del programa | 104436 - MAESTRÍA EN ADMINISTRACIÓN PÚBLICA - A distancia |
| 526 ## - NOTA DE INFORMACIÓN SOBRE EL PROGRAMA DE ESTUDIO | |
| Nombre del programa | 1697 - ADMINISTRACIÓN PÚBLICA TERRITORIAL - A distancia |
| 526 ## - NOTA DE INFORMACIÓN SOBRE EL PROGRAMA DE ESTUDIO | |
| Nombre del programa | 19790 - MAESTRÍA EN ADMINISTRACIÓN PÚBLICA - Presencial |
| 526 ## - NOTA DE INFORMACIÓN SOBRE EL PROGRAMA DE ESTUDIO | |
| Nombre del programa | 51868 - ADMINISTRACIÓN PÚBLICA - Presencial |
| 526 ## - NOTA DE INFORMACIÓN SOBRE EL PROGRAMA DE ESTUDIO | |
| Nombre del programa | 102619 - ESPECIALIZACIÓN EN GESTIÓN PÚBLICA - Virtual |
| 526 ## - NOTA DE INFORMACIÓN SOBRE EL PROGRAMA DE ESTUDIO | |
| Nombre del programa | 5144 - ESPECIALIZACIÓN EN ALTA DIRECCIÓN DEL ESTADO - Presencial |
| 630 04 - PUNTO DE ACCESO ADICIONAL DE MATERIA--TÍTULO UNIFORME | |
| Título uniforme | Ley 19 de 1958 |
| 9 (RLIN) | 220111 |
| 630 04 - PUNTO DE ACCESO ADICIONAL DE MATERIA--TÍTULO UNIFORME | |
| Título uniforme | Decreto 1050 de 1968 |
| 9 (RLIN) | 222636 |
| 630 04 - PUNTO DE ACCESO ADICIONAL DE MATERIA--TÍTULO UNIFORME | |
| Título uniforme | Decreto 3130 de 1968 |
| 9 (RLIN) | 222637 |
| 650 17 - PUNTO DE ACCESO ADICIONAL DE MATERIA--TÉRMINO DE MATERIA | |
| Término de materia o nombre geográfico como elemento de entrada | Desarrollo económico |
| Subdivisión general | Historia |
| 9 (RLIN) | 1884 |
| Fuente del encabezamiento o término | LEMB |
| Subdivisión geográfica | Colombia |
| 650 24 - PUNTO DE ACCESO ADICIONAL DE MATERIA--TÉRMINO DE MATERIA | |
| Término de materia o nombre geográfico como elemento de entrada | Reformas administrativas |
| Subdivisión general | Historia |
| 9 (RLIN) | 222549 |
| Subdivisión geográfica | Colombia |
| 651 #7 - PUNTO DE ACCESO ADICIONAL DE MATERIA--NOMBRE GEOGRÁFICO | |
| Nombre geográfico | Colombia |
| Fuente del encabezamiento o término | LEMB |
| 9 (RLIN) | 164775 |
| Subdivisión general | Política económica |
| Subdivisión cronológica | Siglo XX |
| 651 #7 - PUNTO DE ACCESO ADICIONAL DE MATERIA--NOMBRE GEOGRÁFICO | |
| Nombre geográfico | Colombia |
| Fuente del encabezamiento o término | LEMB |
| 9 (RLIN) | 164775 |
| Subdivisión general | Historia |
| Subdivisión cronológica | Frente Nacional, 1958-1974 |
| 651 #7 - PUNTO DE ACCESO ADICIONAL DE MATERIA--NOMBRE GEOGRÁFICO | |
| Nombre geográfico | Colombia |
| Fuente del encabezamiento o término | LEMB |
| 9 (RLIN) | 164775 |
| Subdivisión general | Administración pública |
| Subdivisión cronológica | 1950–1970 |
| 773 ## - ENLACE AL DOCUMENTO FUENTE/ENTRADA DE REGISTRO ANFITRIÓN | |
| Título | Teoría de la organización administrativa colombiana : una visión jurídico-administrativa |
| 942 ## - ELEMENTOS DE PUNTO DE ACCESO ADICIONAL (KOHA) | |
| Fuente del sistema de clasificación o colocación | Clasificación Local |
| Tipo de ítem Koha | Capítulo de Libro |
No hay ítems disponibles.

